header

Transcultural counselling in action (Record no. 213394)

MARC details
000 -LEADER
fixed length control field 01398nam a2200385 a 4500
082 04 - DEWEY DECIMAL CLASSIFICATION NUMBER
Classification number 158/.3
100 1# - MAIN ENTRY--AUTHOR NAME
Personal name D'Ardenne, Patricia.
245 10 - TITLE STATEMENT
Title Transcultural counselling in action
250 ## - EDITION STATEMENT
Edition statement 2nd ed.
260 ## - PUBLICATION, DISTRIBUTION, ETC. (IMPRINT)
Place of publication London ;
-- Thousand Oaks, Calif. :
Name of publisher SAGE Publications,
Year of publication 1999.
300 ## - PHYSICAL DESCRIPTION
Number of Pages xv, 142 p.
490 1# - SERIES STATEMENT
Series statement Counselling in action
650 #0 - SUBJECT ADDED ENTRY--TOPICAL TERM
Topical Term Counseling.
Topical Term Psychotherapy.
700 1# - ADDED ENTRY--PERSONAL NAME
Personal name Mahtani, Aruna.
856 40 - ELECTRONIC LOCATION AND ACCESS
Uniform Resource Identifier http://site.ebrary.com/lib/rucke/Doc?id=10369725

No items available.

© 2026 Rongo University
Contact us: librarian | system librarian | Rongo university